000 00651cam a2200229 4500
008 090401t1986 xxu||||| |||| 00| 0 eng d
020 _a0851252036
035 _a(Sirsi) u9940
041 _aeng
050 _a693.1
100 _aLeary, Elaine
245 4 _aThe building sandstones of the British Isles
260 _aGarston,Watford
_bBuilding Research Establishment
_c1986
300 _aiv,115p.,12p. of plates : ill. ; 30cm.
350 _a20
490 _aBRE Report
650 _aBUILT ENVIRONMENT-BUILDING MATERIALS
650 _aGEOLOGY
650 _aBUILT ENVIRONMENT-BUILDING MATERIALS-STONE
942 _n0
948 _c04/03/1997
999 _c86680
_d86680